Statistiques concernant Les départements et leur numéro

Cliquez ici pour prendre le quiz!

Statistiques générales

  • Ce quiz a été pris 2 356 fois
  • Le résultat moyen est 63 sur 101

Statistiques - réponses

Départements% Correct
01Ain
99%
02Aisne
95%
03Allier
87%
2ACorse-du-Sud
85%
2BHaute-Corse
85%
13Bouches-du-Rhône
81%
06Alpes-Maritimes
80%
10Aube
80%
11Aude
80%
05Hautes-Alpes
77%
04Alpes-de-Haute-Provence
76%
07Ardèche
76%
09Ariège
75%
14Calvados
74%
75Paris
74%
08Ardennes
73%
12Aveyron
73%
15Cantal
71%
16Charente
70%
17Charente-Maritime
70%
29Finistère
70%
19Corrèze
69%
33Gironde
69%
69Rhône
69%
18Cher
67%
22Côtes-d'Armor
67%
30Gard
67%
42Loire
67%
27Eure
66%
34Hérault
66%
44Loire-Atlantique
66%
59Nord
66%
21Côte-d'Or
65%
38Isère
65%
23Creuse
64%
24Dordogne
64%
25Doubs
64%
28Eure-et-Loir
64%
31Haute-Garonne
64%
36Indre
64%
37Indre-et-Loire
64%
45Loiret
64%
32Gers
63%
93Seine-Saint-Denis
62%
26Drôme
61%
971Guadeloupe
61%
43Haute-Loire
61%
35Ille-et-Vilaine
61%
974La Réunion
61%
972Martinique
61%
51Marne
60%
60Oise
60%
973Guyane
59%
74Haute-Savoie
59%
39Jura
59%
976Mayotte
59%
62Pas-de-Calais
59%
73Savoie
59%
52Haute-Marne
58%
50Manche
58%
83Var
58%
40Landes
57%
54Meurthe-et-Moselle
57%
84Vaucluse
57%
67Bas-Rhin
56%
68Haut-Rhin
56%
46Lot
56%
47Lot-et-Garonne
56%
55Meuse
56%
57Moselle
56%
61Orne
56%
77Seine-et-Marne
56%
92Hauts-de-Seine
55%
53Mayenne
55%
91Essonne
54%
49Maine-et-Loire
54%
56Morbihan
54%
64Pyrénées-Atlantiques
54%
94Val-de-Marne
54%
95Val-d'Oise
54%
78Yvelines
54%
65Hautes-Pyrénées
53%
66Pyrénées-Orientales
53%
41Loir-et-Cher
52%
58Nièvre
52%
76Seine-Maritime
52%
48Lozère
51%
63Puy-de-Dôme
51%
80Somme
51%
72Sarthe
50%
90Territoire de Belfort
50%
85Vendée
50%
86Vienne
50%
87Haute-Vienne
49%
88Vosges
49%
71Saône-et-Loire
48%
81Tarn
48%
70Haute-Saône
47%
82Tarn-et-Garonne
47%
89Yonne
47%
79Deux-Sèvres
42%

Distribution des résultats

Percentile par nombre de réponses

% des personnes avec chaque résultat

Votre développement - résultats

Vous n’avez pas pris ce quiz